| 000 | 00860cab a2200229 4500 | ||
|---|---|---|---|
| 001 | WB3402-19 | ||
| 008 | 090401t1998 xxu||||| |||| 00| 0 eng d | ||
| 035 | _a(Sirsi) u83096 | ||
| 041 | _aeng | ||
| 245 | _aInternet property site | ||
| 260 | _c1998 | ||
| 350 | _a0 | ||
| 490 |
_aDaily Telegraph _v14 January 1998, 34(1) |
||
| 520 | _aInternet Property Finder (IPF) is a new company which has gathered major estate agents on one internet web site. National estate agents have joined the scheme in order to make the concept of searching easier for homebuyers. | ||
| 650 | _aESTATE AGENTS | ||
| 650 | _aPROPERTY-RESIDENTIAL PROPERTY-ACQUISITION AND DISPOSAL OF RESIDENTIAL PROPERTY | ||
| 650 | _aINTERNET PROPERTYFINDER | ||
| 650 | _aINTERNET | ||
| 690 | _aMANAGEMENT-BUSINESS MANAGEMENT-INFORMATION MANAGEMENT | ||
| 942 | _n0 | ||
| 948 | _c14/01/1998 | ||
| 999 |
_c52489 _d52489 |
||